| 000 | 00901nam a22002297a 4500 | ||
|---|---|---|---|
| 999 |
_c20735 _d20735 |
||
| 003 | AR-CdUCM | ||
| 008 | 190518b ||||| |||| 00| 0 spa d | ||
| 040 |
_aMUNICIPALIDAD PROVINCIAL DEL CUSCO _cBIBLIOTECA MUNICIPAL DEL CUSCO |
||
| 082 |
_a616.89 / _bL43 |
||
| 100 |
_aLemkau, Paul V. _943303 |
||
| 245 | _aHigiene mental / | ||
| 260 |
_aMéxico : _bFondo de cultura económica, _c1953. |
||
| 300 |
_a394 páginas ; _c26 cm. |
||
| 440 |
_nSección de obras sociología _943304 |
||
| 505 | _aContenido : En el lugar de la higiene mental en la sanidad pública -- En el campo de la higiene mental -- En el campo de la sanidad pública -- El desarrollo del individuo... | ||
| 650 |
_aEstados psicopatológicos _943305 |
||
| 650 |
_aMétodos de sanidad _943306 |
||
| 650 |
_aPsíquico _941072 |
||
| 700 |
_aPascual del Roncal, Federico (Traducción) _943307 |
||
| 942 |
_2ddc _cLIBROS |
||
| 945 | _arcc | ||